|
|
|
|
| LEADER |
01622nam a2200277 u 4500 |
| 001 |
10084134 |
| 003 |
upatras |
| 005 |
20210117202443.0 |
| 008 |
100323s2009 gr gre |
| 040 |
|
|
|a GR-PaULI
|c GR-PaULI
|
| 041 |
0 |
|
|a gre
|
| 082 |
0 |
4 |
|a 546.621 2
|
| 100 |
1 |
|
|a Ταπεινός, Χρήστος
|9 85953
|
| 245 |
1 |
0 |
|a Σύνθεση και χαρακτηρισμός νανοσφαιρών οξειδίων σιδήρου
|b μελέτη μαγνητικών ιδιοτήτων αιματίτη και μαγγεμίτη
|c Χρήστος Ταπεινός; Πανεπιστήμιο Πατρών, Σχολή Θετικών Επιστημών, Τμήμα Επιστήμης των Υλικών
|
| 260 |
|
|
|a Πάτρα
|b [χ.ό.]
|c 2009
|
| 300 |
|
|
|a vii, 88 σ.
|b εικ.
|c 30 εκ.
|
| 504 |
|
|
|a Περιλαμβάνει βιβλιογραφία
|
| 650 |
|
4 |
|a Οξείδιο του σιδήρου
|9 85954
|
| 650 |
|
4 |
|a Νανοτεχνολογία
|9 7773
|
| 710 |
2 |
|
|9 2771
|a Πανεπιστήμιο Πατρών
|b Σχολή Επιστημών Υγείας
|b Τμήμα Ιατρικής
|e Σχολή Θετικών Επιστημών
|e Τμήμα Επιστήμης των Υλικών
|
| 852 |
|
|
|a GR-PaULI
|b ΠΑΤΡΑ
|b ΒΚΠ
|b ΑΝΕ
|k ΔΙΠΛΩΜΑΤΙΚΗ
|h 546.621 2 ΤΑΠ
|m 100840
|p 025000182761
|t 1
|
| 856 |
|
|
|u http://hdl.handle.net/10889/4137
|
| 942 |
|
|
|2 ddc
|c BKTD
|
| 952 |
|
|
|0 0
|1 0
|2 ddc
|4 0
|6 546_621000000000000_2_ΤΑΠ
|7 0
|9 89586
|a LISP
|b LISP
|d 2016-04-24
|i 100840
|l 0
|o 546.621 2 ΤΑΠ
|p 025000182761
|r 2016-04-24 00:00:00
|t 1
|w 2016-04-24
|y ERST
|
| 998 |
|
|
|c ΠΟΛΥΧΡΟΝΙΑΔΟΥ
|d 2010-03
|
| 999 |
|
|
|c 59905
|d 59905
|